Establishment census of Japan

Salvato in:
Dettagli Bibliografici
Natura: Libro
Lingua:Undetermined
Pubblicazione: Tokyo Bureau of Statistics 1969
Soggetti:
Tags: Aggiungi Tag
Nessun Tag, puoi essere il primo ad aggiungerne! !
Thư viện lưu trữ: Trung tâm Học liệu Trường Đại học Cần Thơ
LEADER 00423nam a2200157Ia 4500
001 CTU_105457
008 210402s9999 xx 000 0 und d
082 |a 331 
082 |b E79/Vol.1 
245 0 |a Establishment census of Japan 
260 |a Tokyo 
260 |b Bureau of Statistics 
260 |c 1969 
650 |a Labor economics,Labor supply 
904 |i Truc 
980 |a Trung tâm Học liệu Trường Đại học Cần Thơ